| 000 | 00427 a2200145 4500 | ||
|---|---|---|---|
| 001 | 63401 | ||
| 082 | _a658.5 CHR | ||
| 090 |
_c37455 _d37455 |
||
| 100 | _aChristopher M | ||
| 245 |
_aLogistics and supply chain management ; strategies for reducing cost and improving services, 2/e _cMartin Christopher |
||
| 250 | _a2 | ||
| 260 |
_aLondon _bFredereck A Praeger _c1999 |
||
| 300 | _aix, 294 p. | ||
| 500 | _aDOS ADTS TEXTBOOK | ||
| 942 |
_aNUST-CAE _k658.5 CHR |
||
| 999 |
_c298474 _d298474 |
||